الضوء / (رقم التسجيلة. 114937)

تفاصيل مارك
000 -LEADER
fixed length control field 00550nam a22001937a 4500
005 - DATE AND TIME OF LATEST TRANSACTION
control field 20251108174652.0
008 - FIXED-LENGTH DATA ELEMENTS--GENERAL INFORMATION
fixed length control field 250721s9999 xx 000 0 ara d
082 14 - DEWEY DECIMAL CLASSIFICATION NUMBER
Classification number ط/500/عبد
100 1# - MAIN ENTRY--PERSONAL NAME
Personal name عبدالله، يوسف عبد الغفار
Relator term مؤلف
245 10 - TITLE STATEMENT
Title الضوء /
264 1# - PRODUCTION, PUBLICATION, DISTRIBUTION, MANUFACTURE, AND COPYRIGHT NOTICE
Place of production, publication, distribution, manufacture ب.م :
Name of producer, publisher, distributor, manufacturer publishing house limited،
Date of production, publication, distribution, manufacture, or copyright notice [200-].
300 ## - PHYSICAL DESCRIPTION
Extent 52 ص.
490 0# - SERIES STATEMENT
Series statement 123
650 17 - SUBJECT ADDED ENTRY--TOPICAL TERM
Topical term or geographic name as entry element العلوم
650 17 - SUBJECT ADDED ENTRY--TOPICAL TERM
Topical term or geographic name as entry element الضوا
653 ## - INDEX TERM--UNCONTROLLED
Uncontrolled term اطفال مرحله متوسطه ( 6 - 9 سنوات )
942 ## - ADDED ENTRY ELEMENTS (KOHA)
Source of classification or shelving scheme Dewey Decimal Classification
Koha item type كتب
المقتنيات
حالة السحب حالة الفقدان مصدر التصنيف حالة التلف غير قابل للإعارة المكتبة الرئيسية المكتبة الحالية موقع الرف تاريخ التزويد الرقم المتسلسل Total Checkouts رقم الإستدعاء الباركود تاريخ آخر ظهور تاريخ الفاتورة نوع المادة (كوها)
    Dewey Decimal Classification     مكتبة الراية الهاشمية للأطفال مكتبة الراية الهاشمية للأطفال الأطفال 14/02/2015 1592618   ط/500/عبد PLD00316399 28/07/2025 14/02/2015 كتب
Implemented & Customized by: BBB with SCIT (Smart Chains for Information Technology)

Powered by Koha